مهارات البيع عالية الفعالية / (Record no. 4076)

MARC details
000 -LEADER
fixed length control field 00709nam a2200193 ar4500
001 - CONTROL NUMBER
control field 4078
005 - DATE AND TIME OF LATEST TRANSACTION
control field 20221127090854.0
008 - FIXED-LENGTH DATA ELEMENTS--GENERAL INFORMATION
fixed length control field 150128s su 00010|ara d
020 ## - INTERNATIONAL STANDARD BOOK NUMBER
International Standard Book Number 9960496422
082 04 - DEWEY DECIMAL CLASSIFICATION NUMBER
Classification number 658.81
Item number ش796
100 1# - MAIN ENTRY--PERSONAL NAME
Personal name شيفمن، ستيفن.
245 10 - TITLE STATEMENT
Title مهارات البيع عالية الفعالية /
Statement of responsibility, etc. تاليف ستيفن شيفمن ؛ تعليق ومراجعة يوسف بن عثمان الحزيم.
250 ## - EDITION STATEMENT
Edition statement ط. 1.
260 ## - PUBLICATION, DISTRIBUTION, ETC.
Place of publication, distribution, etc. الرياض :
Name of publisher, distributor, etc. يوسف بن عثمان الحزيم،
Date of publication, distribution, etc. 2005.
300 ## - PHYSICAL DESCRIPTION
Extent 468 ص. ؛
Dimensions 21 سم.
650 #4 - SUBJECT ADDED ENTRY--TOPICAL TERM
Topical term or geographic name entry element ادارة المبيعات.
650 #4 - SUBJECT ADDED ENTRY--TOPICAL TERM
Topical term or geographic name entry element التسويق.
700 0# - ADDED ENTRY--PERSONAL NAME
Personal name الحزيم، يوسف بن عثمان،
Relator term مراجع.
Holdings
Withdrawn status Lost status Source of classification or shelving scheme Damaged status Not for loan Home library Current library Date acquired Total Checkouts Full call number Barcode Date last seen Copy number Price effective from Koha item type
          CENTRAL CENTRAL 11/27/2022   658.81 ش796 10000000012478 11/27/2022 C1 11/27/2022 Book